000
00294pab a2200121 454500
008
180718b xxu||||| |||| 00| 0 eng d
100
_a
Lall John
245
_a
IAS: time to stand fast
362
_a
23 Dec 93, p.13
650
_a
Civil Service -- India
773
_a
Hindustan Times
909
_a
25775
999
_c
25775
_d
25775